[Event "Baku Chess Olympiad | Open"]
[Site "chess24.com"]
[Date "2016.09.12"]
[Round "10"]
[White "Adesina, Adeyinka"]
[Black "Gajadin, Dewperkash"]
[Result "1-0"]
[Board "3"]
[WhiteID "8501238"]
[WhiteElo "2259"]
[WhiteTitle "CM"]
[WhiteCountry "NGR"]
[WhiteFideId "8501238"]
[WhiteEloChange "4"]
[BlackID "8200041"]
[BlackElo "2027"]
[BlackTitle "FM"]
[BlackCountry "SUR"]
[BlackFideId "8200041"]
[BlackEloChange "-4"]

1. d4 {[%clk 1:30:55]} Nf6 {[%clk 1:30:49]} 2. c4 {[%clk 1:31:20]} e5 {[%clk
1:31:14]} 3. d5 {[%clk 1:30:59]} c6 {[%clk 1:31:36]} 4. Nc3 {[%clk 1:27:20]} cxd5
{[%clk 1:26:52]} 5. cxd5 {[%clk 1:15:32]} Bc5 {[%clk 1:06:15]} 6. e3 {[%clk
1:11:55]} d6 {[%clk 1:06:10]} 7. h3 {[%clk 1:11:01]} O-O {[%clk 1:03:53]} 8. Nge2
{[%clk 1:08:42]} Re8 {[%clk 0:56:40]} 9. g4 {[%clk 1:08:42]} h6 {[%clk 0:39:10]}
10. a3 {[%clk 1:07:15]} a6 {[%clk 0:34:52]} 11. Ng3 {[%clk 1:07:01]} Ba7 {[%clk
0:31:56]} 12. Rg1 {[%clk 1:00:32]} Nbd7 {[%clk 0:23:29]} 13. Bd3 {[%clk 0:55:35]}
e4 {[%clk 0:14:25]} 14. Ngxe4 {[%clk 0:53:27]} Nxe4 {[%clk 0:13:18]} 15. Bxe4
{[%clk 0:50:57]} Qh4 {[%clk 0:12:22]} 16. Rg3 {[%clk 0:50:50]} Ne5 {[%clk
0:10:24]} 17. Bc2 {[%clk 0:47:14]} Bd7 {[%clk 0:05:23]} 18. Ne4 {[%clk 0:45:50]}
f5 {[%clk 0:03:14]} 19. gxf5 {[%clk 0:41:39]} Bxf5 {[%clk 0:02:06]} 20. Nxd6
{[%clk 0:41:04]} Bxc2 {[%clk 0:02:08]} 21. Qxc2 {[%clk 0:40:56]} Rf8 {[%clk
0:01:43]} 22. Nf5 {[%clk 0:38:35]} Rxf5 {[%clk 0:01:08]} 23. Qxf5 {[%clk
0:38:47]} Re8 {[%clk 0:01:36]} 24. b3 {[%clk 0:28:15]} Bd4 {[%clk 0:00:47]} 25.
Ra2 {[%clk 0:27:05]} Bc3+ {[%clk 0:00:42]} 26. Bd2 {[%clk 0:25:28]} Bd4 {[%clk
0:00:40]} 27. Rc2 {[%clk 0:24:21]} Bb6 {[%clk 0:00:42]} 28. Bc3 {[%clk 0:21:44]}
1-0

[Event "Baku Chess Olympiad | Open"]
[Site "chess24.com"]
[Date "2016.09.12"]
[Round "10"]
[White "Sanches, Casanova Romario"]
[Black "Emuakpeje, Ochuko"]
[Result "1/2-1/2"]
[Board "4"]
[WhiteID "8200211"]
[WhiteElo "2082"]
[WhiteTitle "CM"]
[WhiteCountry "SUR"]
[WhiteFideId "8200211"]
[WhiteEloChange "5"]
[BlackID "8501300"]
[BlackElo "2272"]
[BlackCountry "NGR"]
[BlackFideId "8501300"]
[BlackEloChange "-5"]

1. e4 {[%clk 1:30:56]} c5 {[%clk 1:30:34]} 2. Nc3 {[%clk 1:31:24]} d6 {[%clk
1:30:49]} 3. g3 {[%clk 1:31:45]} Nc6 {[%clk 1:30:01]} 4. Bg2 {[%clk 1:32:09]} Nf6
{[%clk 1:29:47]} 5. d3 {[%clk 1:32:36]} e6 {[%clk 1:27:33]} 6. Nge2 {[%clk
1:32:05]} Be7 {[%clk 1:26:32]} 7. O-O {[%clk 1:32:04]} d5 {[%clk 1:21:44]} 8.
exd5 {[%clk 1:30:49]} exd5 {[%clk 1:21:44]} 9. Nf4 {[%clk 1:25:52]} d4 {[%clk
1:20:11]} 10. Ncd5 {[%clk 1:22:05]} O-O {[%clk 1:19:26]} 11. Nxe7+ {[%clk
1:06:28]} Nxe7 {[%clk 1:17:18]} 12. Nh5 {[%clk 0:58:24]} Qb6 {[%clk 1:02:28]} 13.
Nxf6+ {[%clk 0:42:52]} Qxf6 {[%clk 1:02:49]} 14. Re1 {[%clk 0:42:56]} Nc6 {[%clk
0:51:19]} 15. Qh5 {[%clk 0:39:58]} Bf5 {[%clk 0:49:03]} 16. Bg5 {[%clk 0:35:19]}
Qg6 {[%clk 0:47:19]} 17. Qxg6 {[%clk 0:34:49]} hxg6 {[%clk 0:44:22]} 18. Be7
{[%clk 0:30:50]} Nxe7 {[%clk 0:40:37]} 19. Rxe7 {[%clk 0:31:18]} c4 {[%clk
0:29:20]} 20. g4 {[%clk 0:16:31]} Bxg4 {[%clk 0:18:59]} 21. Bxb7 {[%clk 0:14:59]}
Rae8 {[%clk 0:13:30]} 22. Rxe8 {[%clk 0:11:46]} Rxe8 {[%clk 0:13:55]} 23. dxc4
{[%clk 0:06:26]} Rb8 {[%clk 0:08:26]} 24. Be4 {[%clk 0:05:57]} Rxb2 {[%clk
0:08:38]} 25. Bd3 {[%clk 0:05:56]} Bf5 {[%clk 0:07:38]} 26. a4 {[%clk 0:05:09]}
Bxd3 {[%clk 0:07:01]} 27. cxd3 {[%clk 0:05:38]} Rb3 {[%clk 0:06:09]} 28. Rd1
{[%clk 0:06:00]} Ra3 {[%clk 0:06:17]} 29. Kf1 {[%clk 0:06:26]} f5 {[%clk
0:04:04]} 30. Ke2 {[%clk 0:06:24]} Rxa4 {[%clk 0:02:25]} 31. Rb1 {[%clk 0:05:25]}
Ra2+ {[%clk 0:02:29]} 32. Ke1 {[%clk 0:04:35]} Ra3 {[%clk 0:01:16]} 33. Kd2
{[%clk 0:04:10]} Ra2+ {[%clk 0:01:43]} 34. Ke1 {[%clk 0:04:16]} Ra3 {[%clk
0:02:02]} 35. Ke2 {[%clk 0:04:33]} Ra2+ {[%clk 0:02:07]} 36. Kf3 {[%clk 0:04:19]}
Rd2 {[%clk 0:02:18]} 37. Rb3 {[%clk 0:03:51]} Kf7 {[%clk 0:01:46]} 38. Ra3 {[%clk
0:03:41]} Kf6 {[%clk 0:01:50]} 39. h4 {[%clk 0:03:08]} a5 {[%clk 0:01:49]} 40. c5
{[%clk 0:31:09]} Ke5 {[%clk 0:31:33]} 41. c6 {[%clk 0:28:23]} Kd6 {[%clk
0:27:30]} 42. c7 {[%clk 0:28:50]} Kxc7 {[%clk 0:23:56]} 43. Rxa5 {[%clk 0:29:09]}
Rxd3+ {[%clk 0:23:53]} 44. Ke2 {[%clk 0:29:24]} Rb3 {[%clk 0:16:12]} 45. Ra7+
{[%clk 0:29:05]} Kd6 {[%clk 0:15:15]} 46. Rxg7 {[%clk 0:27:33]} Ke5 {[%clk
0:13:24]} 47. Rxg6 {[%clk 0:25:25]} Rh3 {[%clk 0:12:47]} 48. Rh6 {[%clk 0:20:53]}
Kf4 {[%clk 0:11:16]} 49. Rd6 {[%clk 0:18:15]} Ke4 {[%clk 0:09:50]} 50. Re6+
{[%clk 0:17:16]} Kd5 {[%clk 0:09:47]} 51. Rf6 {[%clk 0:16:51]} Ke4 {[%clk
0:09:22]} 52. Re6+ {[%clk 0:17:04]} Kf4 {[%clk 0:09:17]} 53. Rd6 {[%clk 0:17:17]}
Ke5 {[%clk 0:08:41]} 54. Rh6 {[%clk 0:17:42]} Kd5 {[%clk 0:07:44]} 55. Rh8 {[%clk
0:16:36]} Ke4 {[%clk 0:06:13]} 56. Re8+ {[%clk 0:15:44]} Kf4 {[%clk 0:06:28]} 57.
Rd8 {[%clk 0:15:38]} Ke4 {[%clk 0:06:32]} 58. Re8+ {[%clk 0:13:43]} Kf4 {[%clk
0:05:59]} 59. Rd8 {[%clk 0:13:55]} Ke4 {[%clk 0:05:58]} 60. Re8+ {[%clk 0:13:28]}
Kd5 {[%clk 0:06:03]} 61. Rd8+ {[%clk 0:13:01]} Kc4 {[%clk 0:06:07]} 62. Rf8
{[%clk 0:09:27]} Kc3 {[%clk 0:06:20]} 63. Rc8+ {[%clk 0:09:30]} Kb3 {[%clk
0:06:30]} 64. Rf8 {[%clk 0:07:53]} Kc2 {[%clk 0:06:18]} 65. Rc8+ {[%clk 0:08:07]}
Kb3 {[%clk 0:05:58]} 66. Rf8 {[%clk 0:08:00]} Kc3 {[%clk 0:04:58]} 67. Rc8+
{[%clk 0:08:12]} Kb3 {[%clk 0:05:12]} 68. Rf8 {[%clk 0:07:59]} Kc2 {[%clk
0:05:12]} 69. Rc8+ {[%clk 0:08:06]} Kb2 {[%clk 0:05:06]} 70. Rf8 {[%clk 0:08:09]}
Kc3 {[%clk 0:03:53]} 71. Rc8+ {[%clk 0:08:32]} Kb3 {[%clk 0:03:49]} 72. Rf8
{[%clk 0:08:56]} Kc2 {[%clk 0:03:23]} 73. Rc8+ {[%clk 0:09:13]} Kb2 {[%clk
0:03:43]} 74. Rf8 {[%clk 0:09:30]} Kc2 {[%clk 0:03:56]} 75. Rc8+ {[%clk 0:09:49]}
Kb3 {[%clk 0:04:13]} 76. Rf8 {[%clk 0:10:11]} Kc3 {[%clk 0:03:37]} 77. Rc8+
{[%clk 0:10:36]} Kb3 {[%clk 0:03:25]} 78. Rf8 {[%clk 0:11:00]} Kc3 {[%clk
0:02:01]} 79. Rc8+ {[%clk 0:11:27]} Kb2 {[%clk 0:02:18]} 80. Rf8 {[%clk 0:11:50]}
Kc3 {[%clk 0:02:20]} 81. Rc8+ {[%clk 0:12:15]} Kb3 {[%clk 0:02:11]} 82. Rf8
{[%clk 0:12:39]} d3+ {[%clk 0:01:33]} 83. Kd2 {[%clk 0:10:58]} Rf3 {[%clk
0:01:42]} 84. Rc8 {[%clk 0:08:53]} Kb4 {[%clk 0:01:13]} 85. h5 {[%clk 0:08:12]}
Rxf2+ {[%clk 0:01:25]} 86. Kxd3 {[%clk 0:08:32]} Rh2 {[%clk 0:01:48]} 87. Rh8
{[%clk 0:07:58]} Kc5 {[%clk 0:00:39]} 88. Ke3 {[%clk 0:07:18]} Kd5 {[%clk
0:00:47]} 89. Kf4 {[%clk 0:06:28]} Ke6 {[%clk 0:00:58]} 90. Rh6+ {[%clk 0:04:39]}
Kf7 {[%clk 0:00:50]} 91. Kxf5 {[%clk 0:04:11]} Rf2+ {[%clk 0:00:53]} 92. Kg4
{[%clk 0:04:25]} Rg2+ {[%clk 0:01:04]} 93. Kf3 {[%clk 0:04:11]} Rg1 {[%clk
0:01:19]} 94. Rh7+ {[%clk 0:04:17]} Kf6 {[%clk 0:01:08]} 95. Ra7 {[%clk 0:04:11]}
Rh1 {[%clk 0:01:14]} 1/2-1/2

[Event "Baku Chess Olympiad | Open"]
[Site "chess24.com"]
[Date "2016.09.12"]
[Round "10"]
[White "Eid, Fadi"]
[Black "Mok, Tze-Meng"]
[Result "1/2-1/2"]
[Board "1"]
[WhiteID "5300118"]
[WhiteElo "2354"]
[WhiteTitle "IM"]
[WhiteCountry "LIB"]
[WhiteFideId "5300118"]
[WhiteEloChange "1"]
[BlackID "5700329"]
[BlackElo "2373"]
[BlackTitle "IM"]
[BlackCountry "MAS"]
[BlackFideId "5700329"]
[BlackEloChange "-1"]

1. e4 {[%clk 1:30:57]} g6 {[%clk 1:30:56]} 2. d4 {[%clk 1:31:21]} Bg7 {[%clk
1:31:24]} 3. Nc3 {[%clk 1:31:43]} c6 {[%clk 1:31:50]} 4. Nf3 {[%clk 1:32:06]} d5
{[%clk 1:32:18]} 5. h3 {[%clk 1:32:30]} Nf6 {[%clk 1:32:15]} 6. e5 {[%clk
1:30:22]} Ne4 {[%clk 1:32:30]} 7. Nxe4 {[%clk 1:30:40]} dxe4 {[%clk 1:32:55]} 8.
Ng5 {[%clk 1:31:03]} c5 {[%clk 1:33:21]} 9. e6 {[%clk 1:30:39]} f6 {[%clk
1:31:30]} 10. Nf7 {[%clk 1:23:29]} Qxd4 {[%clk 1:31:49]} 11. Nxh8 {[%clk
1:11:37]} Bxh8 {[%clk 1:31:57]} 12. Bb5+ {[%clk 1:07:24]} Nc6 {[%clk 1:31:25]}
13. O-O {[%clk 1:01:23]} Bxe6 {[%clk 1:29:41]} 14. c3 {[%clk 0:59:21]} Qxd1
{[%clk 1:28:30]} 15. Rxd1 {[%clk 0:59:45]} a6 {[%clk 1:28:55]} 16. Bxc6+ {[%clk
0:59:10]} bxc6 {[%clk 1:29:21]} 17. Be3 {[%clk 0:59:30]} c4 {[%clk 1:29:47]} 18.
b4 {[%clk 0:56:01]} Rb8 {[%clk 1:19:57]} 19. a4 {[%clk 0:55:19]} Bg7 {[%clk
1:18:49]} 20. Kf1 {[%clk 0:51:01]} Bd5 {[%clk 1:18:44]} 21. Bd4 {[%clk 0:43:14]}
Bh6 {[%clk 0:49:23]} 22. Be3 {[%clk 0:41:55]} Bg7 {[%clk 0:49:09]} 23. Bd4 {[%clk
0:41:34]} Bh6 {[%clk 0:49:24]} 24. Be3 {[%clk 0:39:18]} Bg7 {[%clk 0:48:25]} 25.
Ke2 {[%clk 0:38:03]} f5 {[%clk 0:40:10]} 26. Kd2 {[%clk 0:32:25]} Be5 {[%clk
0:36:24]} 27. g3 {[%clk 0:32:42]} Bd6 {[%clk 0:35:51]} 28. Kc2 {[%clk 0:32:32]}
Kf7 {[%clk 0:30:11]} 29. h4 {[%clk 0:32:10]} e5 {[%clk 0:28:35]} 30. Bc5 {[%clk
0:27:37]} Bxc5 {[%clk 0:22:22]} 31. bxc5 {[%clk 0:26:12]} a5 {[%clk 0:21:27]} 32.
Rab1 {[%clk 0:25:36]} Rb3 {[%clk 0:21:44]} 33. Rxb3 {[%clk 0:24:18]} cxb3+ {[%clk
0:22:02]} 34. Kb2 {[%clk 0:24:31]} Ke7 {[%clk 0:21:43]} 35. Rc1 {[%clk 0:21:50]}
Bc4 {[%clk 0:22:00]} 36. Rd1 {[%clk 0:22:15]} Bd5 {[%clk 0:21:30]} 37. Rc1 {[%clk
0:22:32]} Bc4 {[%clk 0:21:55]} 38. Rd1 {[%clk 0:23:00]} Bd5 {[%clk 0:21:55]}
1/2-1/2

[Event "Baku Chess Olympiad | Open"]
[Site "chess24.com"]
[Date "2016.09.12"]
[Round "10"]
[White "Subramaniam, Sumant"]
[Black "Kassis, Antoine"]
[Result "0-1"]
[Board "2"]
[WhiteID "5702720"]
[WhiteElo "2137"]
[WhiteCountry "MAS"]
[WhiteFideId "5702720"]
[WhiteEloChange "-10"]
[BlackID "5300150"]
[BlackElo "2142"]
[BlackTitle "FM"]
[BlackCountry "LIB"]
[BlackFideId "5300150"]
[BlackEloChange "10"]

1. Nf3 {[%clk 1:30:57]} Nf6 {[%clk 1:30:53]} 2. d4 {[%clk 1:31:22]} g6 {[%clk
1:30:59]} 3. g3 {[%clk 1:31:40]} Bg7 {[%clk 1:31:18]} 4. c4 {[%clk 1:32:01]} O-O
{[%clk 1:31:31]} 5. Bg2 {[%clk 1:32:27]} d6 {[%clk 1:31:44]} 6. Nc3 {[%clk
1:32:20]} Nc6 {[%clk 1:31:49]} 7. d5 {[%clk 1:32:04]} Na5 {[%clk 1:31:16]} 8. Nd2
{[%clk 1:32:09]} c5 {[%clk 1:30:33]} 9. Qc2 {[%clk 1:29:01]} a6 {[%clk 1:27:07]}
10. O-O {[%clk 1:29:02]} Rb8 {[%clk 1:26:05]} 11. b3 {[%clk 1:28:40]} b5 {[%clk
1:25:16]} 12. Bb2 {[%clk 1:28:31]} Qc7 {[%clk 1:13:14]} 13. Rae1 {[%clk 1:25:58]}
bxc4 {[%clk 1:05:54]} 14. bxc4 {[%clk 1:26:09]} e5 {[%clk 1:00:25]} 15. f4 {[%clk
1:18:10]} exf4 {[%clk 0:58:20]} 16. gxf4 {[%clk 1:17:34]} Ng4 {[%clk 0:51:24]}
17. Nd1 {[%clk 1:17:49]} Bxb2 {[%clk 0:51:05]} 18. Nxb2 {[%clk 1:18:13]} Ne3
{[%clk 0:51:24]} 19. Qc3 {[%clk 1:18:36]} Nxf1 {[%clk 0:51:38]} 20. Rxf1 {[%clk
1:17:50]} f5 {[%clk 0:44:18]} 21. Nd3 {[%clk 1:18:02]} Nb7 {[%clk 0:43:44]} 22.
Rb1 {[%clk 1:14:30]} Nd8 {[%clk 0:25:29]} 23. Re1 {[%clk 1:10:09]} Qg7 {[%clk
0:24:58]} 24. Qa5 {[%clk 1:08:57]} Re8 {[%clk 0:22:02]} 25. Kf1 {[%clk 1:08:15]}
Nf7 {[%clk 0:15:33]} 26. Qa4 {[%clk 0:59:57]} Kf8 {[%clk 0:15:33]} 27. Qc6 {[%clk
0:59:49]} Qc3 {[%clk 0:09:59]} 28. Rd1 {[%clk 0:48:12]} Qc2 {[%clk 0:09:09]} 29.
Nf2 {[%clk 0:48:33]} Qxa2 {[%clk 0:08:25]} 30. e4 {[%clk 0:48:21]} Rb2 {[%clk
0:04:27]} 0-1

[Event "Baku Chess Olympiad | Open"]
[Site "chess24.com"]
[Date "2016.09.12"]
[Round "10"]
[White "Asmar, Elie"]
[Black "Abdullah, Mohd Kamal"]
[Result "0-1"]
[Board "3"]
[WhiteID "5301432"]
[WhiteElo "2026"]
[WhiteCountry "LIB"]
[WhiteFideId "5301432"]
[WhiteEloChange "-8"]
[BlackID "5700086"]
[BlackElo "2100"]
[BlackCountry "MAS"]
[BlackFideId "5700086"]
[BlackEloChange "8"]

1. e4 {[%clk 1:30:56]} c5 {[%clk 1:30:39]} 2. Nc3 {[%clk 1:31:17]} a6 {[%clk
1:30:23]} 3. g3 {[%clk 1:27:12]} b5 {[%clk 1:30:44]} 4. Bg2 {[%clk 1:27:27]} Bb7
{[%clk 1:31:06]} 5. d3 {[%clk 1:27:45]} e6 {[%clk 1:28:47]} 6. f4 {[%clk
1:26:41]} d5 {[%clk 1:26:29]} 7. e5 {[%clk 1:21:33]} Ne7 {[%clk 1:26:11]} 8. Nf3
{[%clk 1:21:14]} Nbc6 {[%clk 1:24:55]} 9. a4 {[%clk 1:02:34]} b4 {[%clk 1:19:02]}
10. Ne2 {[%clk 1:02:42]} h5 {[%clk 1:18:33]} 11. Be3 {[%clk 0:45:28]} Nf5 {[%clk
1:00:12]} 12. Bf2 {[%clk 0:45:55]} Qc7 {[%clk 0:56:57]} 13. c3 {[%clk 0:45:21]}
bxc3 {[%clk 0:46:10]} 14. bxc3 {[%clk 0:45:08]} Na5 {[%clk 0:45:47]} 15. Rb1
{[%clk 0:43:19]} Bc6 {[%clk 0:45:09]} 16. O-O {[%clk 0:39:07]} Qd7 {[%clk
0:43:35]} 17. Ra1 {[%clk 0:36:37]} Rb8 {[%clk 0:39:58]} 18. Nd2 {[%clk 0:36:14]}
Be7 {[%clk 0:33:45]} 19. h3 {[%clk 0:36:18]} O-O {[%clk 0:30:10]} 20. Bf3 {[%clk
0:34:07]} g6 {[%clk 0:28:33]} 21. g4 {[%clk 0:34:17]} hxg4 {[%clk 0:26:38]} 22.
hxg4 {[%clk 0:34:31]} Nh4 {[%clk 0:23:47]} 23. Bxh4 {[%clk 0:33:51]} Bxh4 {[%clk
0:24:03]} 24. g5 {[%clk 0:33:15]} Kg7 {[%clk 0:23:09]} 25. Kg2 {[%clk 0:31:28]}
Rh8 {[%clk 0:23:17]} 26. Rh1 {[%clk 0:23:16]} Rb2 {[%clk 0:22:01]} 27. Qc1 {[%clk
0:18:35]} Rbb8 {[%clk 0:11:04]} 28. Qc2 {[%clk 0:08:32]} Qe7 {[%clk 0:09:34]} 29.
Nf1 {[%clk 0:08:01]} Qc7 {[%clk 0:05:49]} 30. d4 {[%clk 0:05:21]} Nc4 {[%clk
0:06:04]} 31. Qd3 {[%clk 0:03:51]} Nb2 {[%clk 0:04:39]} 32. Qc2 {[%clk 0:03:36]}
c4 {[%clk 0:04:56]} 33. Nc1 {[%clk 0:01:08]} Qa5 {[%clk 0:04:48]} 34. Ne3 {[%clk
0:00:51]} Nxa4 {[%clk 0:03:53]} 35. Bd1 {[%clk 0:00:35]} Qxc3 {[%clk 0:03:36]}
36. Qxc3 {[%clk 0:00:35]} Nxc3 {[%clk 0:04:01]} 37. Rxa6 {[%clk 0:00:37]} Rb2+
{[%clk 0:04:06]} 0-1

[Event "Baku Chess Olympiad | Open"]
[Site "chess24.com"]
[Date "2016.09.12"]
[Round "10"]
[White "Liew, Chee-Meng Jimmy"]
[Black "Abdulaziz, Mahmoud"]
[Result "0-1"]
[Board "4"]
[WhiteID "5700019"]
[WhiteElo "2202"]
[WhiteTitle "IM"]
[WhiteCountry "MAS"]
[WhiteFideId "5700019"]
[WhiteEloChange "-12"]
[BlackID "5300401"]
[BlackElo "2123"]
[BlackTitle "CM"]
[BlackCountry "LIB"]
[BlackFideId "5300401"]
[BlackEloChange "12"]

1. d4 {[%clk 1:30:55]} g6 {[%clk 1:31:00]} 2. e4 {[%clk 1:31:18]} Bg7 {[%clk
1:31:28]} 3. Nc3 {[%clk 1:31:42]} d6 {[%clk 1:31:56]} 4. Be2 {[%clk 1:32:04]} a6
{[%clk 1:32:15]} 5. f4 {[%clk 1:32:01]} b5 {[%clk 1:32:22]} 6. Nf3 {[%clk
1:31:41]} Bb7 {[%clk 1:32:38]} 7. a3 {[%clk 1:28:43]} Nd7 {[%clk 1:32:58]} 8. d5
{[%clk 1:27:34]} c6 {[%clk 1:32:34]} 9. O-O {[%clk 1:18:51]} cxd5 {[%clk
1:28:13]} 10. exd5 {[%clk 1:19:08]} Ngf6 {[%clk 1:28:41]} 11. Nd4 {[%clk
1:02:17]} Nb6 {[%clk 1:21:47]} 12. Nc6 {[%clk 1:00:20]} Qc7 {[%clk 1:21:41]} 13.
Nxb5 {[%clk 0:39:59]} axb5 {[%clk 1:20:49]} 14. Bxb5 {[%clk 0:40:27]} O-O {[%clk
1:20:50]} 15. c4 {[%clk 0:40:51]} Nbxd5 {[%clk 1:20:12]} 16. cxd5 {[%clk
0:33:25]} Qb6+ {[%clk 1:20:40]} 17. Kh1 {[%clk 0:33:28]} Qxb5 {[%clk 1:20:14]}
18. Nxe7+ {[%clk 0:33:47]} Kh8 {[%clk 1:20:42]} 19. f5 {[%clk 0:32:29]} Rae8
{[%clk 1:17:16]} 20. a4 {[%clk 0:32:17]} Qd7 {[%clk 1:13:46]} 21. Nc6 {[%clk
0:32:32]} Nxd5 {[%clk 1:11:01]} 22. Qxd5 {[%clk 0:31:20]} Bxc6 {[%clk 1:11:30]}
23. Qc4 {[%clk 0:28:53]} gxf5 {[%clk 1:11:32]} 24. Bf4 {[%clk 0:27:47]} Be4
{[%clk 1:11:10]} 25. Rf2 {[%clk 0:25:56]} Rc8 {[%clk 1:09:11]} 26. Qf1 {[%clk
0:26:18]} d5 {[%clk 1:08:59]} 27. a5 {[%clk 0:26:06]} d4 {[%clk 1:08:51]} 28. a6
{[%clk 0:24:14]} Ra8 {[%clk 1:09:21]} 29. b4 {[%clk 0:23:06]} d3 {[%clk 1:09:37]}
30. Ra5 {[%clk 0:22:53]} Bc3 {[%clk 1:07:57]} 31. b5 {[%clk 0:22:05]} f6 {[%clk
1:06:02]} 32. Ra3 {[%clk 0:19:16]} Bb4 {[%clk 1:03:18]} 33. Rb3 {[%clk 0:18:33]}
Bc5 {[%clk 1:02:54]} 34. Rfb2 {[%clk 0:11:02]} Bb6 {[%clk 1:02:41]} 35. Qe1
{[%clk 0:08:08]} Rg8 {[%clk 1:01:16]} 36. Be3 {[%clk 0:04:39]} Qd5 {[%clk
0:49:49]} 37. Bxb6 {[%clk 0:04:28]} Bxg2+ {[%clk 0:47:52]} 38. Kg1 {[%clk
0:04:55]} Bh3+ {[%clk 0:48:15]} 39. Kf2 {[%clk 0:05:23]} Rg2+ {[%clk 0:48:43]}
40. Ke3 {[%clk 0:35:49]} Qe4# {[%clk 0:48:43]} 0-1

[Event "Baku Chess Olympiad | Open"]
[Site "chess24.com"]
[Date "2016.09.12"]
[Round "10"]
[White "Alice, Mateus Felizardo Viageiro"]
[Black "Wynn Zaw Htun"]
[Result "0-1"]
[Board "1"]
[WhiteID "14800047"]
[WhiteElo "2164"]
[WhiteTitle "FM"]
[WhiteCountry "MOZ"]
[WhiteFideId "14800047"]
[WhiteEloChange "-4"]
[BlackID "13002783"]
[BlackElo "2407"]
[BlackTitle "IM"]
[BlackCountry "MYA"]
[BlackFideId "13002783"]
[BlackEloChange "2"]

1. Nf3 {[%clk 1:30:56]} Nf6 {[%clk 1:30:40]} 2. d4 {[%clk 1:31:17]} e6 {[%clk
1:30:51]} 3. c4 {[%clk 1:31:32]} Bb4+ {[%clk 1:30:51]} 4. Bd2 {[%clk 1:31:31]}
Qe7 {[%clk 1:30:56]} 5. Nc3 {[%clk 1:31:41]} Nc6 {[%clk 1:30:40]} 6. a3 {[%clk
1:32:03]} Bxc3 {[%clk 1:31:04]} 7. Bxc3 {[%clk 1:32:28]} Ne4 {[%clk 1:31:15]} 8.
Qc2 {[%clk 1:32:50]} Nxc3 {[%clk 1:31:33]} 9. Qxc3 {[%clk 1:33:18]} O-O {[%clk
1:31:19]} 10. e3 {[%clk 1:33:21]} d6 {[%clk 1:31:36]} 11. b4 {[%clk 1:30:24]} e5
{[%clk 1:31:31]} 12. dxe5 {[%clk 1:29:36]} Nxe5 {[%clk 1:27:42]} 13. Nxe5 {[%clk
1:29:46]} Qxe5 {[%clk 1:26:58]} 14. Qxe5 {[%clk 1:30:09]} dxe5 {[%clk 1:27:27]}
15. c5 {[%clk 1:29:45]} a5 {[%clk 1:26:25]} 16. b5 {[%clk 1:27:55]} Be6 {[%clk
1:24:26]} 17. Be2 {[%clk 1:21:02]} Rfd8 {[%clk 1:20:15]} 18. O-O {[%clk 1:17:42]}
f5 {[%clk 1:16:56]} 19. Rfd1 {[%clk 1:14:07]} Bb3 {[%clk 1:12:07]} 20. Rdb1
{[%clk 1:04:28]} a4 {[%clk 1:06:55]} 21. Bd1 {[%clk 1:01:52]} Rd3 {[%clk
1:05:15]} 22. Kf1 {[%clk 0:58:23]} Bxd1 {[%clk 0:42:46]} 23. Rxd1 {[%clk
0:58:40]} Rad8 {[%clk 0:43:10]} 24. Ke2 {[%clk 0:56:08]} Rxd1 {[%clk 0:39:35]}
25. Rxd1 {[%clk 0:56:36]} Rxd1 {[%clk 0:40:01]} 26. Kxd1 {[%clk 0:57:01]} Kf7
{[%clk 0:40:29]} 27. Kc2 {[%clk 0:56:48]} Ke6 {[%clk 0:40:55]} 28. Kc3 {[%clk
0:56:53]} Kd5 {[%clk 0:41:20]} 29. Kb4 {[%clk 0:56:50]} g5 {[%clk 0:39:25]} 30.
h3 {[%clk 0:13:35]} h5 {[%clk 0:39:24]} 31. g3 {[%clk 0:10:30]} g4 {[%clk
0:39:16]} 32. h4 {[%clk 0:05:28]} e4 {[%clk 0:39:40]} 33. Kxa4 {[%clk 0:02:54]}
Kc4 {[%clk 0:39:49]} 34. Ka5 {[%clk 0:02:53]} Kxc5 {[%clk 0:40:10]} 35. b6 {[%clk
0:03:12]} cxb6+ {[%clk 0:40:21]} 0-1

[Event "Baku Chess Olympiad | Open"]
[Site "chess24.com"]
[Date "2016.09.12"]
[Round "10"]
[White "Myint Han"]
[Black "Calicoca, Wilton Inacio"]
[Result "1-0"]
[Board "2"]
[WhiteID "13000322"]
[WhiteElo "2289"]
[WhiteCountry "MYA"]
[WhiteFideId "13000322"]
[WhiteEloChange "7"]
[BlackID "14800268"]
[BlackElo "2190"]
[BlackTitle "CM"]
[BlackCountry "MOZ"]
[BlackFideId "14800268"]
[BlackEloChange "-7"]

1. e4 {[%clk 1:30:30]} e5 {[%clk 1:30:30]} 2. Nf3 {[%clk 1:30:40]} Nc6 {[%clk
1:30:54]} 3. Bb5 {[%clk 1:31:00]} a6 {[%clk 1:31:22]} 4. Ba4 {[%clk 1:31:22]} Nf6
{[%clk 1:32:10]} 5. d3 {[%clk 1:32:00]} b5 {[%clk 1:31:24]} 6. Bb3 {[%clk
1:32:23]} Be7 {[%clk 1:31:46]} 7. O-O {[%clk 1:32:41]} d6 {[%clk 1:31:53]} 8. c3
{[%clk 1:33:02]} O-O {[%clk 1:32:09]} 9. Nbd2 {[%clk 1:33:26]} Bg4 {[%clk
1:31:54]} 10. h3 {[%clk 1:33:49]} Bh5 {[%clk 1:31:54]} 11. Re1 {[%clk 1:34:12]}
Na5 {[%clk 1:31:57]} 12. Bc2 {[%clk 1:34:35]} c5 {[%clk 1:32:25]} 13. Nf1 {[%clk
1:34:58]} Qc7 {[%clk 1:32:22]} 14. Ng3 {[%clk 1:35:22]} Bg6 {[%clk 1:32:35]} 15.
Nh4 {[%clk 1:35:39]} d5 {[%clk 1:29:44]} 16. Nhf5 {[%clk 1:31:58]} dxe4 {[%clk
1:30:00]} 17. dxe4 {[%clk 1:32:09]} c4 {[%clk 1:24:46]} 18. Nxe7+ {[%clk
1:32:21]} Qxe7 {[%clk 1:25:09]} 19. Qf3 {[%clk 1:31:59]} Nd7 {[%clk 1:21:49]} 20.
Nf5 {[%clk 1:31:44]} Bxf5 {[%clk 1:18:12]} 21. exf5 {[%clk 1:31:59]} Nf6 {[%clk
1:17:49]} 22. Bf4 {[%clk 1:32:03]} Nd7 {[%clk 1:09:36]} 23. Rad1 {[%clk 1:28:16]}
Rad8 {[%clk 1:09:36]} 24. Be3 {[%clk 1:28:13]} Rfe8 {[%clk 0:55:37]} 25. Rd2
{[%clk 1:28:13]} Nc5 {[%clk 0:35:01]} 26. f6 {[%clk 1:20:35]} Qc7 {[%clk
0:34:51]} 27. Rxd8 {[%clk 1:13:51]} Rxd8 {[%clk 0:33:53]} 28. Bxh7+ {[%clk
1:09:51]} Kxh7 {[%clk 0:33:52]} 29. Qh5+ {[%clk 1:10:16]} Kg8 {[%clk 0:33:51]}
30. fxg7 {[%clk 1:10:42]} Kxg7 {[%clk 0:27:55]} 31. Bh6+ {[%clk 1:07:16]} Kf6
{[%clk 0:05:44]} 32. Bg5+ {[%clk 1:07:23]} Ke6 {[%clk 0:02:31]} 33. Bxd8 {[%clk
1:07:36]} Qxd8 {[%clk 0:02:45]} 34. Qxe5+ {[%clk 1:07:57]} Kd7 {[%clk 0:02:50]}
35. Qxc5 {[%clk 1:08:14]} 1-0